| 000 | 01153nam a2200313 a 4500 | ||
|---|---|---|---|
| 001 | 24182 | ||
| 003 | BD-RjUL | ||
| 005 | 20211209001022.0 | ||
| 008 | 140312r19531943nyuaobd b 001 0 eng d | ||
| 035 | _a(BD-RjUL)24248 | ||
| 040 |
_aANL _beng _cANL _dBD-RjUL |
||
| 041 | _aeng | ||
| 082 | 0 | 0 |
_a973 _bWHR 1953 |
| 100 | 1 |
_aWhite, C. Langdon _q(Charles Langdon), _d1897- _971849 |
|
| 245 | 1 | 0 |
_aRegional geography of Anglo-America / _cby C. Langdon White and Edwin J. Foscue. |
| 260 |
_aNew York : _bPrentice-Hall, _cc1943 [Printing 1953]. |
||
| 300 |
_axxiii, 898 p. : _bills., photogs., maps, charts ; _c23 cm. |
||
| 490 | 1 | _aPrentice-Hall geography series | |
| 504 | _aIncludes bibliographical references and index. | ||
| 650 | 0 |
_aRegionalism _zCanada. _974494 |
|
| 650 | 0 |
_aPhysical geography _zCanada. _973247 |
|
| 650 | 0 |
_aLand settlement _zCanada. _974495 |
|
| 650 | 0 |
_aLand settlement _zNorth America. _974496 |
|
| 651 | 0 |
_aNorth America _xHistorical geography. _9587 |
|
| 651 | 0 |
_aCanada _xHistorical . _974497 |
|
| 700 | 1 |
_aFoscue, Edwin J. _q(Edwin Jay), _d1899-1972 _974498 |
|
| 830 | 0 |
_aPrentice-Hall geography series _974501 |
|
| 942 |
_2ddc _cBK |
||
| 999 |
_c24182 _d24182 |
||